000 00592nam a2200193Ia 4500
001 12447
003 GE_BSU
008 181216s||||||||xx |||||||||||||| ||und||
040 _cGE_BSU
080 _a631(075.32)+631.4(075.32)+631.8(075.32)
245 _aОбщее земледелие с почвоведением
245 _cПод.ред.П.П.Заева и А.А. Короткова
260 _aЛенинград
260 _bКолос
260 _c1978
300 _a414стр.22см.
653 _aОбщее земледелие с почвоведением
942 _cBK
999 _c45621
_d45621